路線距離が50km以上のJR路線サドンデス - Statistics

General Stats
  • This quiz has been taken 435 times
  • The average score is 3 of 20
Answers on the Grid
Answers color-coded by a green-red scale on the quiz's grid according to % correct below.
富良野線
千歳線
日高本線
津軽線
大湊線
北上線
大船渡線
石巻線
仙石線
仙山線
陸羽西線
水戸線
日光線
吾妻線
京葉線
南武線
横浜線
青梅線
白新線
御殿場線
名松線
七尾線
越美北線
北陸本線
草津線
片町線
阪和線
加古川線
赤穂線
津山線
岩徳線
美祢線
高徳線
徳島線
日田彦山線
筑肥線
唐津線
佐世保線
大村線
吉都線
 
Answer Stats
Answer % Correct
富良野線
35%
千歳線
32%
仙山線
26%
御殿場線
20%
北上線
19%
大船渡線
18%
大湊線
14%
阪和線
14%
水戸線
13%
赤穂線
13%
津軽線
11%
京葉線
10%
吾妻線
9%
徳島線
8%
七尾線
7%
越美北線
7%
津山線
7%
高徳線
7%
筑肥線
4%
吉都線
3%
No matching quizzes found
Score Distribution
Percent of People with Each Score
Percentile by Number Answered
Your Score History
You have not taken this quiz